Сдвиговое течение сжимаемой жидкости: численный расчет пограничного слоя: пер. с англ.

التفاصيل البيبلوغرافية
المؤلف الرئيسي: Хиршель Э. Х. Эрнст Хайнрих
مؤلفون آخرون: Кордулла В. Вильгельм
اللغة:الروسية
منشور في: Москва, Мир, 1987
الموضوعات:
التنسيق: MixedMaterials كتاب
KOHA link:https://koha.lib.tpu.ru/cgi-bin/koha/opac-detail.pl?biblionumber=271115

MARC

LEADER 00000nam0a2200000 4500
001 271115
005 20231031225240.0
020 |a RU  |b 87-45364 
035 |a (RuTPU)RU\TPU\book\294296 
090 |a 271115 
100 |a 20141004d1987 k y0rusy5003 ca 
101 1 |a rus  |c eng 
102 |a RU 
105 |a a z 001zy 
200 1 |a Сдвиговое течение сжимаемой жидкости: численный расчет пограничного слоя  |e пер. с англ.  |f Э. Х. Хиршель, В. Кордулла 
210 |a Москва  |c Мир  |d 1987 
215 |a 253 с.  |c ил. 
320 |a Библиогр.: с. 238-246 (164 назв.) 
320 |a Предм. указ.: с. 247-250 
606 1 |a Жидкости  |2 stltpush  |3 (RuTPU)RU\TPU\subj\10889 
610 1 |a пограничный слой 
610 1 |a вязкая жидкость 
610 1 |a расчет 
610 1 |a численные методы 
610 1 |a движение 
610 1 |a математические исследования 
675 |a 532.52  |z rus  |v 3 
700 1 |a Хиршель  |b Э. Х.  |g Эрнст Хайнрих  |4 070 
701 1 |a Кордулла  |b В.  |g Вильгельм  |4 070 
801 0 |a RU  |b RuMRKP  |c 19950417  |g psbo 
801 1 |a RU  |b 63413507  |c 20141004 
801 2 |a RU  |b 63413507  |c 20180606  |g RCR 
942 |c BK